000 00409cam a22001097a 4500
008 180718b1966 xxu||||| |||| 00| 0 eng d
082 _aH226x73 Un3s
245 _aStandards for juvenile and family courts
_cby Department of Health, Education and Welfare, United States
260 _aWashington
_bPrinting Department
_c1966
300 _a130+p
700 _aUnited States. Department of Health, Education and Welfare
999 _c491494
_d491494